Computer aided design of a stand alone aero generator (Record no. 14937)
[ view plain ]
| 000 -LEADER | |
|---|---|
| fixed length control field | 00654nam a22001817a 4500 |
| 003 - CONTROL NUMBER IDENTIFIER | |
| control field | OSt |
| 088 ## - REPORT NUMBER | |
| Report number | P 91 |
| 100 ## - MAIN ENTRY--AUTHOR NAME | |
| Personal name | GAWAS NARAYAN DASHRATH |
| -- | MAYARANI N |
| -- | VIJAYA GANDHEEVAN V |
| 245 ## - TITLE STATEMENT | |
| Title | Computer aided design of a stand alone aero generator |
| 260 ## - PUBLICATION, DISTRIBUTION, ETC. (IMPRINT) | |
| Place of publication | Tavanur 1999 |
| Name of publisher | Department of Farm Power Machinery and Energy |
| 300 ## - PHYSICAL DESCRIPTION | |
| Number of Pages | 85 |
| 500 ## - GENERAL NOTE | |
| General note | Computer aided design of a stand alone aero generator |
| 520 ## - SUMMARY, ETC. | |
| Summary, etc | Computer aided design of a stand alone aero generator |
| 700 ## - ADDED ENTRY--PERSONAL NAME | |
| Personal name | Sathyajith Mathew (Guide) |
| 856 ## - ELECTRONIC LOCATION AND ACCESS | |
| Uniform Resource Identifier | https://drive.google.com/open?id=1tWFm103ghE__EtNIlXJOZCwXd9MV8B-_ |
| 942 ## - ADDED ENTRY ELEMENTS (KOHA) | |
| Koha item type | Project Report |
| Collection code | Home library | Current library | Shelving location | Full call number | Accession Number | Koha item type |
|---|---|---|---|---|---|---|
| Reference | KAUAET | KAUAET | Reference | 631.3 DAS/CO | P 91 | Project Report |
